00924nam a22002057a 4500003000400000005001700004008004100021017004400062020001800106040002500124245009000149260003400239300003500273500023500308630003200543650004200575650004200617700003000659710002900689OSt20181108171940.0181108s2018 spc|||||r|||||0|| 0 cat|d aDL B 4268-2018bBiblioteca de Catalunya a9788416853199 aES-ScvANCbcatcCDMR02aL'Avenç b: 40 + 10 : història, cultura, memòria /cedició de Joaquim Noguero aBarcelona :bL'Avenç,c2016 a109 p. :bfotografies ;c22 cm aCatàleg de l'exposició organitzada per Biblioteques de Barcelona a la Biblioteca Jaume Fuster del 19 d'octubre del 2017 al 14 de gener de 2018, amb la col·laboració Fundació Carulla i Institució de les Lletres Catalanes07aAvençxHistòria2lemac  7aRevistes catalanesxHistòria2lemac07aEditorszCatalunyaxHistòria2lemac1 aNoguero, Joaquim,d1964-,2 aFundació Carulla Font,